000 00288nam a22001337a 4500
008 170418b xxu||||| |||| 00| 0 eng d
020 _a9780077573645
041 _aeng
080 _27 ED
_a579
100 _a11
101 _aSHM
245 _aMICROBIOLOGY
_cNESTER.E.W
942 _2udc
_cBK
999 _c10959
_d10959